Diccionario Espasa sinónimos y antónimos / (Registro nro. 14226)

Detalles MARC
000 -LIDER
fixed length control field 00743nam a2200241 4500
001 - NÚMERO DE CONTROL
Identificador de número de control bimo0000971835
003 - IDENTIFICACDOR DE NÚMERO DE CONTROL
control field DO-SdBNP
005 - DATE AND TIME OF LATEST TRANSACTION
control field 20220608095258.0
008 - ELEMENTOS DE LONGITUD FIJA
fixed length control field 980904s1995 sp | ||| ||spa
020 ## - ISBN
International Standard Book Number 8423921700
040 ## - FUENTE DE CATALOGACIÓN
Agencia que crea de manera original el registro BPMSU
Idioma de catalogación spa
Agencia que realiza la transcripción BPMSU
Convenciones de la despripción
082 ## - NÚMERO DE CLASIFICACIÓN DECIMAL DE DEWEY
Classification number R463
Item number D545e 1995
Edition number 22
245 00 - MENCIÓN DE TITULO
Título Diccionario Espasa sinónimos y antónimos /
Mención de responsabilidad director Antonio Merodio ; editora Marisol Palés
Medio (Designación general de material)
250 ## - MENCIÓN DE EDICION
Mención de edición 3ª ed.
260 ## - PUBLICACIÓN, DISTRIBUCIÓN, ETC. (PIE DE IMPRENTA)
Lugar de publicación, distribución, etc Madrid :
Nombre del editor, distribuidor, etc. Espasa-Calpe,
Fecha de publicación, distribución, etc 1995
300 ## - DESCRIPCIÓN FÍSICA
Extensión 1225 p.;
Dimensiones 25 cm
590 ## - NOTA LOCAL
Enlace Inventariado, 2022/VM
650 #4 - ENCABEZAMIENTO DE MATERIA--TEMÁTICO
Término temático o nombre geográfico como elemento de entrada Español
Subdivisión temática general Sinónimos y antónimos
Subdivisión de forma Diccionarios
Fuente del encabezamiento o término
Subdivisión cronológica
700 1# - ASIENTO SECUNDARIO -- NOMBRE PERSONAL
Nombre personal Merodio, Antonio
Mención de responsabilidad director
700 1# - ASIENTO SECUNDARIO -- NOMBRE PERSONAL
Nombre personal Palés, Marisol
Mención de responsabilidad editora
710 2# - ASIENTO SECUNDARIO -- NOMBRE CORPORATIVO
Nombre corporativo o de jurisdicción Espasa Calpe
942 ## - ADDED ENTRY ELEMENTS (KOHA)
Source of classification or shelving scheme Dewey Decimal Classification
Koha item type Libros
Existencias
Withdrawn status Lost status Source of classification or shelving scheme Damaged status Not for loan Collection code Home library Current library Date acquired Full call number Barcode Date last seen Price effective from Koha item type
    Dewey Decimal Classification     Colección de Referencia General Biblioteca Pública Metropolitana Salomé Ureña Biblioteca Pública Metropolitana Salomé Ureña 06/08/2022 BPMSU CGR R463 D545e 1995 BPMSU22060022 06/08/2022 06/08/2022 Libros